Principle Of Insurance (Record no. 16378)
[ view plain ]
| 000 -LEADER | |
|---|---|
| fixed length control field | 00405nam a22001577a 4500 |
| 082 ## - DEWEY DECIMAL CLASSIFICATION NUMBER | |
| Classification number | 368.01 MEH |
| 100 ## - MAIN ENTRY--PERSONAL NAME | |
| Personal name | MEHR ,R.I. |
| 9 (RLIN) | 9091 |
| 245 ## - TITLE STATEMENT | |
| Title | Principle Of Insurance |
| 250 ## - EDITION STATEMENT | |
| Edition statement | Fifth Edition |
| 260 ## - PUBLICATION, DISTRIBUTION, ETC. | |
| Place of publication, distribution, etc. | England |
| Name of publisher, distributor, etc. | Richard D. Irwin |
| Date of publication, distribution, etc. | 1972 |
| 300 ## - PHYSICAL DESCRIPTION | |
| Extent | xxii, 856pg. |
| Other physical details | ill.;23cm |
| 500 ## - GENERAL NOTE | |
| General note | Include: Index |
| 650 ## - SUBJECT ADDED ENTRY--TOPICAL TERM | |
| Topical term or geographic name entry element | Principle Of Insurance |
| 9 (RLIN) | 9092 |
| 700 ## - ADDED ENTRY--PERSONAL NAME | |
| Personal name | Emerson Cammack |
| 9 (RLIN) | 9093 |
| 942 ## - ADDED ENTRY ELEMENTS (KOHA) | |
| Koha item type | Books |
| Withdrawn status | Lost status | Source of classification or shelving scheme | Damaged status | Not for loan | Collection code | Home library | Current library | Shelving location | Date acquired | Source of acquisition | Full call number | Barcode | Date last seen | Price effective from | Koha item type |
|---|---|---|---|---|---|---|---|---|---|---|---|---|---|---|---|
| Dewey Decimal Classification | Non-fiction | IFM Main Campus Library | IFM Main Campus Library | Special Reserve Collection | 08/31/2022 | Purchase | 368.01 MEH | 0000002912 | 09/07/2016 | 02/19/2022 | Books |
